Strategic paper P9: management accounting-financial strategy (Record no. 3037)

MARC details
005 - DATE AND TIME OF LATEST TRANSACTION
control field 20250602143639.0
020 ## - INTERNATIONAL STANDARD BOOK NUMBER
International Standard Book Number 07517-1969-2
082 ## - DEWEY DECIMAL CLASSIFICATION NUMBER
Classification number LECT 657.48 CIM
111 ## - MAIN ENTRY--MEETING NAME
Meeting name or jurisdiction name as entry element CIMA
245 ## - TITLE STATEMENT
Title Strategic paper P9: management accounting-financial strategy
250 ## - EDITION STATEMENT
Edition statement 1st Ed.
260 ## - PUBLICATION, DISTRIBUTION, ETC.
Place of publication, distribution, etc. London,
Name of publisher, distributor, etc. BPP professional education,
Date of publication, distribution, etc. 2005.
300 ## - PHYSICAL DESCRIPTION
Extent iii, 139p.: ill. figure, table,
Dimensions 15cm.
856 ## - ELECTRONIC LOCATION AND ACCESS
Link text Access online book
Electronic name Strategic paper P9: management accounting-financial strategy
Path www.bpp.com
942 ## - ADDED ENTRY ELEMENTS (KOHA)
Source of classification or shelving scheme Dewey Decimal Classification
Koha item type Books
Holdings
Date last seen Total checkouts Full call number Barcode Cost, replacement price Price effective from Koha item type Lost status Source of classification or shelving scheme Damaged status Not for loan Withdrawn status Home library Current library Shelving location Date acquired Cost, normal purchase price
06/02/2025   LECT 657.48 CIM 00000010622 77655.00 06/02/2025 Books   Dewey Decimal Classification       College of Business Education Main Library College of Business Education Main Library General Collection 07/01/2006 25885.00